Úvodní rozhovor v psychoanalýze a psychodynamické psychoterapii /

Hlavní autor: Holub, David, 1969-
Další autoři: Telerovský, Roman, 1972-
Jazyk: Čeština
Vydáno: Brno : Masarykova univerzita, 2013
Vydání: 1. vyd.
Témata:
Fyzický popis: 99 s. ; 24 cm
Knihy
Uloženo v:
LEADER 02056nam a2200529 a 4500
001 nkc20142539550
003 CZ PrNK
005 20140225122720.0
007 ta
008 140122s2013 xr e p 000 0 cze
015 |a cnb002539550 
020 |a 978-80-210-6383-9  |q (brož.) 
035 |a (OCoLC)870290022 
040 |a ABA001  |b cze 
072 7 |a 615.8  |x Fyzioterapie. Psychoterapie. Alternativní lékařství  |2 Konspekt  |9 14 
072 7 |a 37.016  |x Učební osnovy. Vyučovací předměty. Učebnice  |2 Konspekt  |9 22 
080 |a 616-071.1  |2 MRF 
080 |a 159.964.2  |2 MRF 
080 |a 615.851.1  |2 MRF 
080 |a 615.851:159.964.21  |2 MRF 
080 |a 159.9.072.5  |2 MRF 
080 |a (07)  |2 MRF 
100 1 |a Holub, David,  |d 1969-  |7 xx0074502  |4 aut 
245 1 0 |a Úvodní rozhovor v psychoanalýze a psychodynamické psychoterapii /  |c David Holub, Roman Telerovský 
250 |a 1. vyd. 
260 |a Brno :  |b Masarykova univerzita,  |c 2013 
300 |a 99 s. ;  |c 24 cm 
500 |a 400 výt. 
504 |a Obsahuje bibliografii 
650 0 7 |a diagnostický rozhovor  |7 ph119418  |x metody  |2 czenas 
650 0 7 |a psychoanalýza  |7 ph117255  |2 czenas 
650 0 7 |a psychodynamická psychoterapie  |7 ph268219  |2 czenas 
650 0 7 |a psychodiagnostika  |7 ph115947  |2 czenas 
650 0 9 |a diagnostic interview  |x methods  |2 eczenas 
650 0 9 |a psychoanalysis  |2 eczenas 
650 0 9 |a psychodynamic psychotherapy  |2 eczenas 
650 0 9 |a psychodiagnostics  |2 eczenas 
655 7 |a učební texty  |7 fd133599  |2 czenas 
655 9 |a educational texts  |2 eczenas 
700 1 |a Telerovský, Roman,  |d 1972-  |7 mzk2002160940  |4 aut 
910 2 |a BOA001  |b 2-1317.996 
990 |a BK 
995 |a 01 
991 |b 201402  |c NOV  |j 615.851 HOL  |e n 
996 6 |b 2610577421  |c 2-1317.996  |l MZK  |r Sklad / do 1 hodiny  |n 0  |p p.v.  |w 001394784  |u 000010  |a 1  |e BOA001  |j MZK50  |s P 
996 7 |b 2610577422  |c 2-1317.996  |l MZK  |r Sklad / do 1 hodiny  |n 5  |p p.v.  |w 001394784  |u 000020  |a 1  |e BOA001  |j MZK50  |s A 
996 7 |b 2610580019  |c 2-1317.996  |l MZK  |r Sklad / do 1 hodiny  |n 4  |p kup  |w 001394784  |u 000030  |a 1  |e BOA001  |j MZK50  |s A